Vamos a buscar un tesoro : (Registro nro. 11893)
[ vista simple ]
| 000 -LEADER | |
|---|---|
| fixed length control field | 00933nam a22002657a 4500 |
| 001 - CONTROL NUMBER | |
| control field | 000679 |
| 003 - CONTROL NUMBER IDENTIFIER | |
| control field | DO-SdBNP |
| 005 - DATE AND TIME OF LATEST TRANSACTION | |
| control field | 20180209102526.0 |
| 007 - PHYSICAL DESCRIPTION FIXED FIELD--GENERAL INFORMATION | |
| fixed length control field | 000679 |
| 008 - FIXED-LENGTH DATA ELEMENTS--GENERAL INFORMATION | |
| fixed length control field | 161110b 2000 mx a ||||| |||| 00| 0 spa d |
| 020 ## - INTERNATIONAL STANDARD BOOK NUMBER | |
| International Standard Book Number | 9681907167 |
| 040 ## - CATALOGING SOURCE | |
| Original cataloging agency | BPMSU |
| Language of cataloging | spa |
| Transcribing agency | BPMSU |
| 100 1# - MAIN ENTRY--PERSONAL NAME | |
| Personal name | Janosch, |
| Dates associated with a name | 1931- |
| Fuller form of name | Horst Eckert, |
| 240 1# - UNIFORM TITLE | |
| Uniform title | <a href="Komm, wir finden einen Schatz. ">Komm, wir finden einen Schatz. </a> |
| Language of a work | Español. |
| 245 10 - TITLE STATEMENT | |
| Title | Vamos a buscar un tesoro : |
| Remainder of title | historia de cómo el pequeño oso y el pequeño tigre fueron en busca de la felicidad / |
| Statement of responsibility, etc. | Janosch ; traducción de Ana Pérez. |
| 260 ## - PUBLICATION, DISTRIBUTION, ETC. (IMPRINT) | |
| Place of publication, distribution, etc. | México : |
| Name of publisher, distributor, etc. | Alfaguara, |
| Date of publication, distribution, etc. | 2000. |
| 300 ## - PHYSICAL DESCRIPTION | |
| Extent | 46 p. : |
| Other physical details | il. ; |
| Dimensions | 19 cm. |
| 490 1# - SERIES STATEMENT | |
| Series statement | Infantil Alfaguara |
| 500 ## - GENERAL NOTE | |
| General note | Incluye datos del autor en la solapa de la contracubierta. |
| 700 12 - ADDED ENTRY--PERSONAL NAME | |
| Personal name | Pérez, Ana, |
| Dates associated with a name | 1941- |
| Relator term | tr. |
| 830 #0 - SERIES ADDED ENTRY--UNIFORM TITLE | |
| Uniform title | Infantil Alfaguara |
| 942 ## - ADDED ENTRY ELEMENTS (KOHA) | |
| Source of classification or shelving scheme | Dewey Decimal Classification |
| Koha item type | Libros |
| 945 ## - LOCAL PROCESSING INFORMATION (OCLC) | |
| a | Inventariado, 2018 /LP |
| 956 ## - LOCAL ELECTRONIC LOCATION AND ACCESS (OCLC) | |
| Host name | LOPEREZ |
| Access number | 10 |
| Compression information | 20161110 |
| Processor of request | BPMSU |
| Withdrawn status | Lost status | Source of classification or shelving scheme | Damaged status | Not for loan | Collection code | Home library | Current library | Date acquired | Source of acquisition | Total Checkouts | Barcode | Date last seen | Price effective from | Koha item type |
|---|---|---|---|---|---|---|---|---|---|---|---|---|---|---|
| Dewey Decimal Classification | Colección Infantil General | Biblioteca Pública Metropolitana Salomé Ureña | Biblioteca Pública Metropolitana Salomé Ureña | 11/10/2016 | Alfaguara | BPMSU16111171 | 11/10/2016 | 11/10/2016 | Libros |